000 00480nam a2200181Ia 4500
008 100917s9999 xx 000 0 und d
082 _b37239
100 _aआपटे ह. ना.
245 _aकालकूट
260 _bरम्यकथा प्रकाशन
_c1972
300 _a160
365 _b5
520 _aकादंबरी
630 _aकालकूट
650 _aकादंबरी
730 _aकालकूट
942 _cBOOK
999 _c642633
_d642630